000 01940cam a2200457 a 4500
999 _c530198
_d530198
001 15050145
003 NUST
005 20191014113048.0
008 071018s2008 enkab b 001 0 eng
010 _a 2007042981
020 _a9780415414975
020 _a0415414970
020 _a9780415414982 (pbk.)
020 _a0415414989 (pbk.)
020 _a9780203928264 (ebk.)
020 _a0203928261 (ebk.)
035 _a(OCoLC)ocn176861283
035 _a(OCoLC)176861283
038 _aMSOHAIL
040 _aDLC
_cDLC
_dBTCTA
_dBAKER
_dYDXCP
_dOCLCG
_dBWK
_dC#P
_dBWX
_dCDX
_dDLC
043 _ad------
050 0 0 _aJS113
_b.P53 2008
082 0 0 _a320.8091724
_222
245 0 0 _aPlanning and decentralization :
_bcontested spaces for public action in the global south /
_cedited by Victoria A. Beard, Faranak Miraftab, and Christopher Silver.
260 _aLondon ;
_aNew York :
_bRoutledge,
_c2008.
300 _axiv, 233 p. :
_bill., map ;
_c24 cm.
504 _aIncludes bibliographical references and index.
650 0 _aDecentralization in government
_zDeveloping countries.
_923623
650 0 _aPolitical planning
_zDeveloping countries.
_923624
650 0 _aPublic-private sector cooperation
_zDeveloping countries.
_923625
650 0 _aLocal government
_zDeveloping countries.
_923626
700 1 _aBeard, Victoria A.
_923627
700 1 _aMiraftab, Faranak.
_923628
700 1 _aSilver, Christopher,
_d1951-
_923629
856 4 1 _3Table of contents only
_uhttp://www.loc.gov/catdir/toc/ecip082/2007042981.html
856 4 2 _3Publisher description
_uhttp://www.loc.gov/catdir/enhancements/fy0908/2007042981-d.html
856 4 2 _3Contributor biographical information
_uhttp://www.loc.gov/catdir/enhancements/fy1113/2007042981-b.html
906 _a7
_bcbc
_corignew
_d1
_eecip
_f20
_gy-gencatlg
942 _2ddc
_cBK